Представление документа в формате MARC21

Поле Инд. ПП Название Значение
Тип записи a
Библиографический уровень b
001 Контрольный номер RU/IS/BASE/290104500
005 Дата корректировки 20200630193220.3
008 Кодируемые данные 20090311
040 b Код языка каталог. rus
e Правила каталог. PSBO
041 0_ a Код языка текста rus
084 a Индекс другой классификации/Индекс ББК 83.3(2=411.2)52; 83г(2Рос)
100 1_ a Автор Чернец Л. В.
245 10 a Заглавие О литературных друзьях А. А. Фета
b Продолж. заглавия (К проблеме поэтического языка)
504 a Библиография Библиогр. ссылки
520 0_ a Аннотация "Счастлив художник, способный исправлять свои произведения согласно замечаниям знатоков. Но и тут есть известные границы и опасности. Можно, что называется, записать картину...", - эти слова поэта приводит автор в начале статьи, посвященной истории влияния и вмешательства в фетовские тексты его литературных современников - писателей и критиков
600 14 a Персоналии Фет Афанасий Афанасьевич
a Персоналии Страхов Николай Николаевич
650 04 a Основная рубрика история литературы
a Основная рубрика литературная критика
a Основная рубрика литературоведение
a Основная рубрика филологические науки
653 0_ a Ключевые слова XIX век
a Ключевые слова история литературной критики
a Ключевые слова литературная деятельность
a Ключевые слова Россия
773 08 t Заглавие источника Филологические науки
d Дата издания источника 2008
g Прочая информация № 1. - С. 3 - 13
w Контрольный № источника RU/IS/BASE/256826202
901 t Тип документа b